| 000 | 01291cam a2200361 a 4500 | ||
|---|---|---|---|
| 999 |
_c10080 _d10080 |
||
| 001 | 1666681 | ||
| 003 | OSt | ||
| 005 | 20191231154237.0 | ||
| 008 | 970515s1997 ii b 001 0 eng | ||
| 010 | _a 97900354 | ||
| 020 | _a0195635310 | ||
| 020 | _a9780195635317 | ||
| 025 | _aI-E-97-900354; 79-13 | ||
| 040 |
_aDLC _coclc _dDLC |
||
| 042 | _alcode | ||
| 043 | _aa-ii--- | ||
| 050 | 0 | 0 |
_aHD2072 _b.E36 1997 |
| 082 |
_a338.10954 _bKRI/E |
||
| 245 | 0 | 0 |
_aEconometric Applications in India / _c K.L. Krishna. |
| 260 |
_aDelhi ; _aNew York : _bOxford University Press, _c1997. |
||
| 300 |
_a335 p _c22 cm. |
||
| 440 | 0 |
_aOxford in India readings. _pThemes in economics |
|
| 504 | _aIncludes bibliographical references (p. 327-329) and index. | ||
| 520 | _aContributed articles. | ||
| 650 | 0 |
_aAgriculture _xEconomic aspects _zIndia. |
|
| 650 | 0 |
_aIndustrial productivity _zIndia _xEconometric models. |
|
| 650 | 0 |
_aMonetary policy _zIndia _xMathematical models. |
|
| 700 |
_aKrishna, K L _9947 |
||
| 856 | 4 | 2 |
_3Publisher description _uhttp://www.loc.gov/catdir/enhancements/fy0606/97900354-d.html |
| 906 |
_a7 _bcbc _corigode _d3 _encip _f19 _gy-gencatlg |
||
| 942 |
_2ddc _cBK _h338.10954 _iKRI/E _k338.10954 _mKRI/E |
||